The rabbit tricks, the phant and the whale (Vietnam) (Record no. 159228)

MARC details
000 -LEADER
fixed length control field 00641nam a2200229 i 4500
001 - CONTROL NUMBER
control field C2-0214565
003 - CONTROL NUMBER IDENTIFIER
control field PPAK
005 - DATE AND TIME OF LATEST TRANSACTION
control field 20180728104019.0
008 - FIXED-LENGTH DATA ELEMENTS--GENERAL INFORMATION
fixed length control field 990418s1997 my a|||| ||||| | eng d
020 ## - INTERNATIONAL STANDARD BOOK NUMBER
International Standard Book Number 983052390X
040 ## - CATALOGING SOURCE
Original cataloging agency PPAK
Language of cataloging eng
Transcribing agency PPAK
Description conventions rda
082 04 - DEWEY DECIMAL CLASSIFICATION NUMBER
Classification number 428.6
Edition number 23
090 00 - LOCALLY ASSIGNED LC-TYPE CALL NUMBER (OCLC); LOCAL CALL NUMBER (RLIN)
Classification number (OCLC) (R) ; Classification number, CALL (RLIN) (NR) 428.6
Feature heading DOG
Feature heading K
245 04 - TITLE STATEMENT
Title The rabbit tricks, the phant and the whale (Vietnam)
264 #1 - PRODUCTION, PUBLICATION, DISTRIBUTION, MANUFACTURE, AND COPYRIGHT NOTICE
Place of production, publication, distribution, manufacture Petaling Jaya, Selangor :
Name of producer, publisher, distributor, manufacturer Arowana ,
Date of production, publication, distribution, manufacture, or copyright notice 1997
300 ## - PHYSICAL DESCRIPTION
Extent 24 pages :
Other physical details colour illustrations ;
Dimensions 20 cm
336 ## - CONTENT TYPE
Source rdacontent
Content type term text
337 ## - MEDIA TYPE
Source rdamedia
Media type term unmediated
338 ## - CARRIER TYPE
Source rdacarrier
Carrier type term volume
650 10 - SUBJECT ADDED ENTRY--TOPICAL TERM
Topical term or geographic name entry element Readers
942 ## - ADDED ENTRY ELEMENTS (KOHA)
-- dc
Koha item type Book
Holdings
Withdrawn Not for loan Current library Shelving location Date acquired Full call number Barcode Date last seen Koha item type
    Perpustakaan Awam Sungai Petani Pinjaman Kanak-kanak 18/04/1999 K 428.6 DOG A00251810 01/06/2018 Book
    Perpustakaan Jitra Pinjaman Kanak-kanak 18/04/1999 K 428.6 DOG A00251812 01/06/2018 Book
    Perpustakaan Jitra Pinjaman Kanak-kanak 18/04/1999 K 428.6 DOG A00251813 01/06/2018 Book
    Perpustakaan Yan Pinjaman Kanak-kanak 18/04/1999 K 428.6 DOG A00251816 01/06/2018 Book
    Perpustakaan Yan Pinjaman Kanak-kanak 18/04/1999 K 428.6 DOG A00251817 01/06/2018 Book